000 00674nam a22002177a 4500
005 20251108171218.0
008 250721s1999 xx 000 0 ara d
082 1 4 _aط/612.85/بقا
100 1 _aبقاعي، إيمان
245 1 0 _aالأذن أداة السمع :
_bحواسنا سبيلنا إلى معرفة العالم /
264 1 _aبيروت :
_bدار النموذجية للنشر،
_c1999.
300 _a39ص
490 0 _aسلسلة فن و العلوم
650 1 7 _aجسم الإنسان
650 1 7 _aالأطفال
650 1 7 _aالقصص
650 1 7 _aعلم الوظائف
650 1 7 _aالأذن
942 _2ddc
_cBK
999 _c59456
_d59456